000 00864nam a2200241 a 4500
001 000026047
005 20200930024246.0
008 110225s1970 ec r 000 p spa d
040 _aDO-SdBNP
_bspa
_cBNPHU
082 _aEc861.42
_bM552C
100 1 _aMera, Juan León,
_c1832-1894.
_915561
245 1 0 _aCantares del pueblo ecuatoriano /
_cJuan León Mera ; introducción Hernán Rodríguez Castelo.
260 _aGuayaquil Quito, ( Ecuador) :
_bPublicaciones Educativas Ariel,
_c[1970?].
300 _a2 v. ;
_c18 cm.
490 1 _aClásicos Ariel
_v44
500 _aIncluye notas al pie de las páginas
500 _aLa biblioteca posee el segundo tomo
650 4 _aPoesía ecuatoriana
_913387
650 4 _aLiteratura ecuatoriana
_93938
700 1 _aRodríguez Castelo, Hernán,
_eintr.
_94689
830 0 _aClásicos Ariel ;
_v44
_93125
049 _aBNGR
999 _c25539
_d25539